Triunfo de la libertad de la imprenta. Loor eterno al articulo 371 de nuestra politica Constitucion

Detalles Bibliográficos
Formato: Libro
Lenguaje:Spanish
Publicado: Puebla : imprenta Liberal de Troncoso hermanos, 1821.
Materias:
Colección:Banco de datos
Acervo:Biblioteca Palafoxiana. Colección de Pliegos Sueltos
Descripción Física:núm. ; f°
Tema general:Imprenta - Legislación y Leyes - México
LEADER 00678nam a22001810004500
035 |a 18 
041 0 |a spa 
082 0 4 |a FR/PAFX/IMPS/C061/01831 
245 1 0 |a Triunfo de la libertad de la imprenta. Loor eterno al articulo 371 de nuestra politica Constitucion 
260 |a Puebla : imprenta Liberal de Troncoso hermanos, 1821. 
300 |a  núm. ; f° 
505 0 0 |a Existencias: Núm. 2; núm. 5 
610 1 4 |a México - Historia - Guerra de Independencia, 1810-1821 
650 1 0 |a Imprenta - Legislación y Leyes - México 
949 |a Núm. 2 (I01835); Núm. 5 (I01831) 
942 |c PALAPLIE 
943 |g Biblioteca Palafoxiana. Colección de Pliegos Sueltos 
999 |c 1073308  |d 1073308